000 01134nam a2200349 i 4500
001 12549
003 KOSZ 005
005 20221116143653.0
008 070705s1970 pl a f 001 0 pol
015 _aPB 1970/1755
040 _aWA N
_cWA N
_dKOSZ 005/HR
046 _k1970
080 _a005.1
100 1 _aKurnal, Jerzy
_d(1924-2010)
_eAutor
245 1 0 _aZarys teorii organizacji i zarządzania /
_cJerzy Kurnal.
250 _aWyd. 2.
260 _aWarszawa :
_bPaństwowe Wydawnictwo Ekonomiczne,
_c1970.
300 _a490, [2] s. :
_bil. ;
_c23 cm.
336 _2rdacontent
_aTekst
_btxt
337 _2rdamedia
_aBez urządzenia pośredniczącego
_bn
338 _2rdacarrier
_aWolumin
_bnc
380 _aKsiążki
388 _a1901-2000
388 _a1945-1989
504 _aBibliogr. s.[468]-472. Indeks.
650 4 _aOrganizacja
650 4 _aZarządzanie
658 _aZarządzanie i marketing
710 2 _aPolskie Wydawnictwo Ekonomiczne
_4pbl.
856 _uhttp://koha.tu.koszalin.pl/cgi-bin/koha/opac-detail.pl?biblionumber=12549
_yKatalog online BPK
942 _2UKD
_cKS
999 _c12549
_d12549